000 00520nam a2200181Ia 4500
005 20250508151504.0
008 008 250505s9999 xx 000 0 eng d
037 _aTextual
040 _aFEDL
_beng
_cFEDL
041 _aeng
_2eng
084 _a375, DOL
_qFEDL
100 _aDoll Ronald C
_9759261
245 0 _aOrganizing for curriculum improvement
260 _aNew York, USA
_bTeachers College, Columbia University
_c1953
300 _a77p.
942 _cTEXL
_h375, DOL
999 _c1330132
_d1330132